Pokémon - Les attaques de Capidextre - Statistiques

Statistiques générales
  • Ce quiz a été pris 25 fois
  • Le résultat moyen est 11 sur 15
Statistiques - réponses
Niveaux Types Noms des attaques % Correct
Départ Normal Griffe
100%
Niveau 18 Normal Combo-Griffe
92%
Départ Dragon Double Baffe
92%
Départ Niveau 8 Spectre Étonnement
92%
Départ Niveau 4 Sol Jet de Sable
92%
Niveau 32 Normal Coup Double
85%
Départ Normal Mimi-Queue
85%
Niveau 29 Psy Hâte
77%
Niveau 11 Normal Relais
62%
Niveau 36 Ténèbres Dégommage
54%
Niveau 43 Normal Dernier Recours
54%
Niveau 22 Normal Météores
54%
Niveau 15 Normal Chatouille
46%
Niveau 25 Normal Grincement
46%
Niveau 39 Ténèbres Machination
46%
Aucun quiz correspondant
Distribution des résultats
% des personnes avec chaque résultat
Percentile par nombre de réponses
Votre historique - résultats
Vous n’avez pas pris ce quiz